000 00338nam a2200157Ia 4500
005 20250425161455.0
008 250425s9999 xx 000 0 und d
041 _aeng
082 _a621.406
245 0 _aPOWER TURBINE UNIT
250 _aS.E.
260 _aS.L.
260 _aSin Pais
_bINDU
_c1970
942 _c01
010 _a21151
999 _c210000
_d210000